| 000 | 00866nam a2200217 a 4500 | ||
|---|---|---|---|
| 001 | 000370547 | ||
| 003 | AM-YeHGA | ||
| 005 | 20250617131900.0 | ||
| 008 | 041018s1916 ai 000 | arm d | ||
| 040 | _aAM-YeHGA | ||
| 041 | 1 |
_aarm _hrus _heng |
|
| 100 | 1 | _aՍետոն-Տոմպսոն, Է. | |
| 245 | 1 | 0 |
_aԹեւաւորը : _bՄի պոստային աղաւնու պատմութիւն / _cԷ. Սետոն-Տոմպսոն; Թարգմ. ռուս.՝ Ե. Սարգսեան. |
| 260 |
_aԹիֆլիս : _bտպ. Ն. Աղանեանի, _c1916. |
||
| 300 |
_a29 էջ : _bնկ. ; _c18 սմ. |
||
| 440 | 0 |
_aՆւէր մանուկներին _v31 |
|
| 500 | _aՅաւելւած «Հասկեր» ամսագրի | ||
| 650 | 1 | 4 |
_aԱմերիկյան մանկական գրականություն _xՀեքիաթ |
| 700 | 1 |
_aՍարգսեան, Եփրեմ _eթարգմ. _4trl |
|
| 090 | _c142991 | ||
| 999 |
_c141611 _d141611 |
||